| 000 | 00637namaa2200157 i 4500 | ||
|---|---|---|---|
| 001 | 173884 | ||
| 003 | ES-MaACL | ||
| 005 | 20230906215400.0 | ||
| 008 | 100128s1839 sp |||| | spa d | ||
| 040 |
_aSpMaBN _bspa _cPAB |
||
| 100 | 1 |
_aEscosura, Geronimo de la. _9126954 |
|
| 245 | 1 | 0 |
_aMauricio _b: comedia en dos actos / _cpor Gerónimo de la Escosura. |
| 260 |
_aMadrid : _b[s.n.], _c1839 ( _fImp. de I. Boix) |
||
| 300 |
_a72 p. ; _c16 cm. |
||
| 852 |
_aES-MaACL _jF-8624(10) _z.- Enc. pasta española _q.- Falto de la cub. original _z.- Enc. en un vol. facticio formando parte de la col. facticia "Teatro español moderno", vol. 79 |
||
| 999 |
_c173884 _d173884 |
||